000 01177cam a2200253 4500
001 ABS66445
008 030306n2003 000 0 eng u
035 _a(Sirsi) u121548
100 _aGattegno, J.
245 _aInsolvency: time for landlords to be enterprising
260 _c2003
490 _aEstates Gazette
_v(0308) 22 February 2003, 122-123(2)
520 _aLegislative changes are likely to lead to increased administration for landlords. The Insolvency Act 2000 and the Enterprise Act 2002 both lead to changes. The Insolvency Act 2000 has removed the landlord's right to forfeit a lease by peaceable re-entry and is no longer able to distrain for rent or forfeit peaceable re-entry when a tenant has a voluntary arrangement. The Enterprise Act 2002 removes the lender's ability to appoint an administrative receiver with two exceptions.
590 _aABS
650 _aLANDLORD AND TENANT
_96252
650 _aINSOLVENCY ACT 2000
650 _aENTERPRISE ACT 2002
650 _aVOLUNTARY ARRANGEMENTS
650 _aFORFEITURE LEASES
650 _aPEACEABLE RE-ENTRY
690 _aPROPERTY-LANDLORD AND TENANT
700 _aGodfrey, P.
942 _n0
999 _c72247
_d72247